000 01398cam a2200313 a 4500
001 15183111
003 OSt
005 20150408114023.0
008 080215s2008 enka b 001 0 eng
010 _a 2008007559
020 _a9780521874830 (hardback)
020 _a0521874831 (hardback)
035 _a(OCoLC)ocn193912822
035 _a(OCoLC)193912822
040 _aDLC
_cDLC
_dYDXCP
_dBTCTA
_dBAKER
_dC#P
_dBWX
_dCDX
_dDLC
050 0 0 _aTA352
_b.O745 2008
082 0 0 _a620.104
_222
100 1 _aO'Reilly, Oliver M.
_913516
245 1 0 _aIntermediate dynamics for engineers :
_ba unified treatment of Newton-Euler and Lagrangian mechanics /
_cOliver M. O'Reilly.
260 _aCambridge ;
_aNew York, NY :
_bCambridge University Press,
_c2008.
300 _axiv, 392 p. :
_bill. ;
_c27 cm.
504 _aIncludes bibliographical references (p. 377-387) and index.
650 0 _aDynamics
_vTextbooks.
_99815
856 4 2 _3Contributor biographical information
_uhttp://www.loc.gov/catdir/enhancements/fy0827/2008007559-b.html
856 4 2 _3Publisher description
_uhttp://www.loc.gov/catdir/enhancements/fy0827/2008007559-d.html
856 4 1 _3Table of contents only
_uhttp://www.loc.gov/catdir/enhancements/fy0827/2008007559-t.html
942 _2ddc
_cBOOK
999 _c22181
_d256681